[Event "St Helier Tohmatsu op"]
[Site "St Helier"]
[Date "1999.02.16"]
[Round "3"]
[White "Corkett, Anthony"]
[Black "Ward, Christopher"]
[Result "0-1"]
[WhiteElo "2255"]
[BlackElo "2482"]

1.e4 c5 2.Nf3 d6 3.Bb5+ Bd7 4.Bxd7+ Qxd7 5.O-O Nc6 6.c3 Nf6 7.d4 cxd4 8.cxd4 d5
9.e5 Ng8 10.Nc3 e6 11.a3 Nge7 12.Nh4 Ng6 13.Nxg6 hxg6 14.Qd3 Be7 15.Be3 Na5
16.f4 O-O-O 17.Nb1 Kb8 18.Bd2 Nc4 19.Bc3 Qb5 20.Rf3 Rc8 21.Nd2 Qb6 22.Nxc4 dxc4
23.Qe4 Rcd8 24.Rf2 Qb5 25.g3 Qd5 26.Re1 Kc7 27.Kg2 Qxe4+ 28.Rxe4 Kc6 29.g4 Kd5
30.Ree2 b5 31.f5 gxf5 32.gxf5 Rh5 33.fxe6 Rg5+ 34.Kf1 fxe6 35.Rf4 Rf5 36.Rxf5 exf5
37.Kg2 g5 38.Kg3 Ra8 39.h4 gxh4+ 40.Kf4 a5 41.Kxf5 b4 42.axb4 axb4 43.Be1 Rf8+
44.Kg6 h3 45.Rh2 Rf3 46.Kh5 Re3 47.Bd2 Rg3 48.Bf4 Rg2 49.Rxh3 Rxb2 50.Kg4 Ra2
51.Rh7 Ra7 52.Bg5 b3  0-1

[Event "Cappelle op"]
[Site "Cappelle la Grande"]
[Date "1999.02.18"]
[Round "6"]
[White "Klinova, Masha"]
[Black "Aseev, Konstantin N"]
[Result "1/2-1/2"]
[WhiteElo "2360"]
[BlackElo "2519"]

1.e4 c5 2.Nf3 d6 3.Bb5+ Bd7 4.Bxd7+ Qxd7 5.c4 Nf6 6.Nc3 Nc6 7.d4 cxd4 8.Nxd4 e6
9.O-O Be7 10.Be3 O-O 11.Rc1 a6 12.f3 Nxd4 13.Qxd4 b5 14.cxb5 axb5 15.a3 Qb7
16.Rfd1 Rfb8 17.Rc2 b4 18.axb4 Qxb4 19.Qxb4 Rxb4 20.Bd4 Rc4 21.Rcc1 h5 22.Ne2 Rxc1
23.Rxc1 Rb8 24.Rd1 d5  1/2-1/2

[Event "Bundesliga 9899"]
[Site "Germany"]
[Date "1999.02.20"]
[Round "10.2"]
[White "Kindermann, Stefan"]
[Black "Sadler, Matthew"]
[Result "0-1"]
[WhiteElo "2541"]
[BlackElo "2668"]

1.e4 c5 2.Nf3 d6 3.Bb5+ Nc6 4.O-O Bd7 5.c3 a6 6.Ba4 Nf6 7.Re1 c4 8.d4 cxd3
9.Bg5 b5 10.Bb3 e6 11.Qxd3 Be7 12.Bxf6 gxf6 13.Nd4 O-O 14.f4 Qb6 15.Kh1 Kh8
16.f5 Na5 17.Nd2 Nxb3 18.axb3 Rg8 19.b4 a5 20.bxa5 Rxa5 21.Rxa5 Qxa5 22.Rf1 Qa6
23.N2b3 Qa2 24.Qc2 Qa8 25.Ra1 Qb7 26.Na5 Qc7 27.Nab3 e5 28.Ne2 Bc6 29.Rd1 Rd8
30.Ng3 d5 31.exd5 Bxd5 32.Nd2 Qa7 33.Nf3 Qa4 34.Qxa4 bxa4 35.Rd2 Kg7 36.Kg1 Bc5+
37.Kf1 Be3 38.Rd1 Bc4+ 39.Ke1 Bf2+ 40.Kxf2 Rxd1 41.Nh5+ Kf8 42.Nxf6 Rb1  0-1

[Event "BL2-S9899"]
[Site "Germany"]
[Date "1999.02.21"]
[Round "6.1"]
[White "Oral, Tomas"]
[Black "Zeller, Frank"]
[Result "1/2-1/2"]
[WhiteElo "2521"]
[BlackElo "2441"]

1.e4 c5 2.Nf3 d6 3.Bb5+ Nd7 4.d4 Nf6 5.Nc3 a6 6.Bxd7+ Nxd7 7.O-O e6 8.Bg5 Qc7
9.dxc5 Nxc5 10.Re1 f6 11.Bd2 b5 12.b4 Nd7 13.a4 bxa4 14.Nxa4 e5 15.Ra3 Qc4
16.Qa1 Be7 17.Nc3 Bb7 18.Be3 Rc8 19.Nd2 Qf7 20.Nd5 Rxc2 21.Nc3 O-O 22.Qb1 Rxd2
23.Bxd2 Nb6 24.Qd3 f5 25.exf5 Nc4 26.Raa1 d5 27.Ne2 Qxf5 28.Qxf5 Rxf5 29.Bc3 Rf7
30.Rac1 Bd8 31.Ng3 Bb6 32.Rc2 d4 33.Bd2 Bd5 34.Rxc4 Bxc4 35.Rxe5 Bb5 36.Ne4 Rc7
37.Re6 Ba7 38.h3 h6 39.Nd6 Bd3 40.Re8+ Kh7 41.Bf4 Bg6 42.Rd8 d3 43.Nc8 Rc4
44.Nxa7 Rxf4 45.b5 axb5 46.Nxb5 Re4 47.Kh2 Rb4 48.Nc3 Rc4 49.Nd5 Rc2 50.f3 d2
51.Ne3 Rc3 52.Nf1 Rc1 53.Nxd2 Rd1 54.Kg3 Bc2 55.h4 Bg6 56.Kf4 Rg1 57.g4 h5
58.gxh5 Bxh5 59.Ne4 g6 60.Rd7+ Kg8 61.Nf6+ Kf8 62.Nxh5 gxh5 63.Rh7 Kg8 64.Rxh5 Ra1
65.Rb5 Kg7 66.Rb6 Ra5 67.Kg4 Rc5 68.f4 Ra5 69.Rb7+ Kf6 70.Rb6+ Kf7 71.h5 Kg7
72.h6+ Kh7 73.Re6 Rb5 74.f5 Rb1 75.Kg5 Rg1+ 76.Kf6 Rf1 77.Re5  1/2-1/2

[Event "Bundesliga 9899"]
[Site "Germany"]
[Date "1999.02.21"]
[Round "11.2"]
[White "Baklan, Vladimir"]
[Black "Kuczynski, Robert"]
[Result "1-0"]
[WhiteElo "2552"]
[BlackElo "2430"]

1.e4 c5 2.Nf3 d6 3.Bb5+ Bd7 4.Bxd7+ Qxd7 5.c4 Nc6 6.Nc3 Nf6 7.d4 cxd4 8.Nxd4 Qg4
9.Qxg4 Nxg4 10.Nxc6 bxc6 11.Bf4 Nf6 12.h4 g6 13.e5 Nh5 14.Bh2 dxe5 15.Bxe5 Bg7
16.Bxg7 Nxg7 17.O-O-O Rd8 18.Ne4 Ne6 19.Rxd8+ Kxd8 20.Rh3 Kc7 21.Ra3 Kb6
22.Ng5 Nxg5 23.hxg5 Rd8 24.Rb3+ Kc5 25.Rb7 Rd4 26.Rxe7 Rf4 27.f3 Rf5 28.Rxa7 Kxc4
29.Ra4+ Kb5 30.Rg4 c5 31.b3 Re5 32.Kd2 Rd5+ 33.Kc3 Re5 34.a4+ Kb6 35.Kd3 Rd5+
36.Kc4 Rd2 37.Rg3 Rc2+ 38.Kd3 Rf2 39.Ke4  1-0

[Event "Bundesliga 9899"]
[Site "Germany"]
[Date "1999.02.21"]
[Round "11.1"]
[White "Movsesian, Sergei"]
[Black "Lutz, Christopher"]
[Result "1/2-1/2"]
[WhiteElo "2650"]
[BlackElo "2610"]

1.e4 c5 2.Nf3 d6 3.Bb5+ Bd7 4.Bxd7+ Qxd7 5.c4 Nc6 6.Nc3 g6 7.d4 cxd4 8.Nxd4 Bg7
9.Be3 Nf6 10.f3 O-O 11.O-O a6 12.a4 e6 13.b3 d5 14.exd5 exd5 15.c5 Rfe8 16.Bf2 Nh5
17.Qd2 Rad8 18.Rae1 Be5 19.Nce2 Ng7 20.Rd1  1/2-1/2

[Event "AUT-chT2M 9899"]
[Site "Austria"]
[Date "1999.02.27"]
[Round "8"]
[White "Humer, Wolfgang"]
[Black "Wallner, Alfred"]
[Result "1/2-1/2"]
[WhiteElo "2280"]
[BlackElo "2270"]

1.e4 c5 2.Nf3 d6 3.Bb5+ Nc6 4.d4 cxd4 5.Qxd4 Bd7 6.Bxc6 Bxc6 7.c4 Nf6 8.Nc3 g6
9.O-O Bg7 10.Qd3 O-O 11.Nd4 Qb6 12.Nc2 Nd7 13.b4 Bxc3 14.Qxc3 Bxe4 15.Bh6 Nf6
16.Bxf8 Rxf8 17.Ne3 Rc8 18.Rfd1 Qc7 19.Rac1 b6 20.Qd2 Qb7 21.f3 Bc6 22.a3 Kg7
23.Qd4 h5 24.Qb2 Kg8 25.Qd4 a6 26.Nd5 Bxd5 27.cxd5 Rxc1 28.Rxc1 Nxd5 29.Qc4 Kg7
30.Qc6 Qxc6 31.Rxc6 Kf6 32.Kf2 Ke5 33.Rc8 Kd4 34.Ra8 Kc4 35.Rxa6 h4 36.Ke2 g5
37.Kd2 f6 38.Ra8 Kb3 39.g3 hxg3 40.hxg3 Kc4  1/2-1/2

[Event "Belisce Metalis op 6th"]
[Site "Belisce"]
[Date "1999.02.27"]
[Round "6"]
[White "Rogic, Davor"]
[Black "Cebalo, Miso"]
[Result "1/2-1/2"]
[WhiteElo "2475"]
[BlackElo "2511"]

1.e4 c5 2.Nf3 d6 3.Bb5+ Nd7 4.c3 Nf6 5.Qe2 a6 6.Ba4 b5 7.Bc2 c4 8.b3 Qc7
9.O-O Bb7 10.Re1 e6 11.bxc4 bxc4 12.Na3 Rc8 13.Rb1 Ba8 14.d3 cxd3 15.Bxd3 Rb8
16.Rxb8+ Qxb8 17.Nd2 Be7 18.Bxa6 O-O 19.Bd3 Nc5 20.Bc2 Qa7 21.Kh1 Rb8 22.f3 d5
23.e5 Nfd7 24.Ndb1 Bc6 25.c4 d4 26.Qd2 d3 27.Bxd3 Rd8 28.Qe3 Nxe5 29.Be2 Ned3
30.Bxd3 Rxd3 31.Qe2 Qa4 32.Qc2 Qa8 33.Nb5 Bh4 34.Rf1 Qa4 35.N1a3 h5 36.Qxa4 Nxa4
37.Nc2 Be7 38.Ba3 Bxa3 39.Ncxa3 Rd2 40.Rc1  1/2-1/2

[Event "Portuguese Masters"]
[Site "Caldas de Felgueira"]
[Date "1999.02.28"]
[Round "9"]
[White "Frois, Antonio"]
[Black "Leonardo, Joao"]
[Result "1/2-1/2"]
[WhiteElo "2405"]
[BlackElo "2293"]

1.e4 c5 2.Nf3 d6 3.Bb5+ Nd7 4.O-O a6 5.Bxd7+ Bxd7 6.d4 cxd4 7.Qxd4 e5 8.Qd3 Bc6
9.c4 Nf6 10.Nc3 h6 11.Be3 Be7 12.Rfd1 O-O 13.Rac1 Qc7 14.Nd5 Bxd5 15.cxd5  1/2-1/2

[Event "BL9899 (Women)"]
[Site "Germany"]
[Date "1999.02.28"]
[Round "9.6"]
[White "Wolf, Sylvia"]
[Black "Meissner, Claudia"]
[Result "1/2-1/2"]
[WhiteElo "2075"]
[BlackElo "2108"]

1.e4 c5 2.Nf3 d6 3.Bb5+ Bd7 4.a4 Nf6 5.Qe2 Nc6 6.O-O e6 7.Nc3 Be7 8.Bxc6 Bxc6
9.d4 d5 10.exd5 Nxd5 11.Ne4 cxd4 12.Nxd4 Nf4 13.Bxf4 Qxd4 14.Rfe1 O-O 15.c3 Qd5
16.f3 Rfd8 17.Bc7 Rd7 18.Red1 Qb3 19.Rxd7 Bxd7 20.a5 Bb5 21.Qf2 Qd5 22.Qg3 f5
23.Be5 g6 24.Nf6+ Bxf6 25.Bxf6 Kf7 26.Bd4 Rd8 27.Qh4 e5 28.Qxh7+ Kf6 29.Re1 Re8
30.Qh4+ Kg7 31.Bxa7 Bc6 32.b4 Qd2 33.Be3 Qxc3 34.Qh6+ Kf7 35.Qh7+ Kf6 36.Qh4+ Kf7
37.Qh7+ Kf6 38.Qh4+ Kf7 39.Bg5 Qd4+ 40.Qxd4 exd4 41.Rd1 Re2 42.Rxd4 Rb2 43.Rc4 Ra2
44.Bd8 Ke6 45.Bb6 g5 46.h3 Ra1+ 47.Kf2 Ra2+ 48.Ke1 Bd5 49.Rc8 Rxg2 50.Re8+ Kd6
51.Bc5+  1/2-1/2

[Event "BL9899 (Women)"]
[Site "Germany"]
[Date "1999.02.28"]
[Round "9.1"]
[White "Borulia, Ekaterina"]
[Black "Peng, Zhaoqin"]
[Result "1/2-1/2"]
[WhiteElo "2363"]
[BlackElo "2459"]

1.e4 c5 2.Nf3 d6 3.Bb5+ Bd7 4.Bxd7+ Qxd7 5.O-O Nf6 6.Qe2 Nc6 7.c3 e6 8.d4 cxd4
9.cxd4 d5 10.e5 Ne4 11.Be3 Be7 12.Ne1 f6 13.f3 Ng5 14.Nd3 Nf7 15.f4 O-O 16.Nd2 Rac8
17.Nf3 Rfe8 18.Rac1 b6 19.Rc2 Nh6 20.h3 Nf5 21.Bf2 fxe5 22.Ndxe5 Nxe5 23.Nxe5 Qb7
24.Rfc1 Bf6 25.Qb5 Nd6 26.Qd7 Qxd7 27.Nxd7 Rxc2 28.Rxc2 Rc8 29.Rxc8+ Nxc8
30.Kf1 Kf7 31.Ke2 Ne7 32.Kd3 Ng6 33.Ke3 h5 34.g4 hxg4 35.hxg4 Be7 36.a4 Bd6
37.Ne5+ Nxe5 38.fxe5 Be7 39.Be1 Bg5+ 40.Kd3 Kg6 41.b4 Be7 42.Bd2 Bxb4 43.Bxb4 Kg5
44.Bf8 g6 45.Kc3 Kxg4 46.Kb4 Kf3 47.Kb5 g5 48.Be7 g4 49.Bh4 Ke3 50.Kc6 Kxd4
51.Kd6 Kc4 52.Kxe6 d4 53.Kd7 d3 54.Be1 g3 55.e6 g2 56.e7 g1=Q 57.e8=Q Qd4+
58.Kc7 Qd5 59.Kb8 a5 60.Ka7 b5 61.axb5 Qxb5 62.Qc8+  1/2-1/2

[Event "BEL-chT9899"]
[Site "Antwerp"]
[Date "1999.02.??"]
[Round "6"]
[White "Coenen, Norbert"]
[Black "Luminet, Denis"]
[Result "0-1"]
[WhiteElo "2361"]
[BlackElo "2285"]

1.e4 c5 2.Nf3 d6 3.Bb5+ Bd7 4.Bxd7+ Qxd7 5.O-O e6 6.d4 cxd4 7.Nxd4 Nf6 8.Re1 Be7
9.b3 O-O 10.Bb2 Nc6 11.c4 g6 12.Nc3 Rfb8 13.a4 Rd8 14.Rc1 Rac8 15.h3 Nxd4
16.Qxd4 Qc6 17.Rcd1 Qc5 18.Qxc5 Rxc5 19.Ba3 Rc6 20.Re3 Nd7 21.f4 Rb6 22.Nd5 exd5
23.exd5 Nc5 24.Bxc5 dxc5 25.a5 Re6 26.Red3 Re4  0-1

[Event "Victor Ciocaltea Memorial"]
[Site "Bucharest"]
[Date "1999.03.06"]
[Round "3"]
[White "Iordachescu, Viorel"]
[Black "Conquest, Stuart"]
[Result "0-1"]
[WhiteElo "2539"]
[BlackElo "2488"]

1.e4 c5 2.Nf3 d6 3.Bb5+ Bd7 4.Bxd7+ Nxd7 5.c4 g6 6.O-O Bg7 7.d4 cxd4 8.Nxd4 Ngf6
9.Nc3 a6 10.b3 O-O 11.a4 Qa5 12.Bd2 Rfe8 13.Re1 Rac8 14.Rb1 Qh5 15.Nf3 e6
16.h3 Red8 17.Qe2 h6 18.Red1 g5 19.Rbc1 Nc5 20.Rb1 g4 21.hxg4 Nxg4 22.Be1 Nd7
23.Rxd6 Be5 24.Rd3 Bh2+ 25.Kf1 Bc7 26.Kg1 Bh2+ 27.Kf1 Bc7 28.Kg1 Nde5 29.Rxd8+ Rxd8
30.Rd1 Rf8 31.g3 Qh3 32.Nb1 Bb6 33.Nbd2 Qxg3+ 34.Kf1 Qh3+ 35.Kg1 Kh7  0-1

[Event "AUT-chT2M 9899"]
[Site "Austria"]
[Date "1999.03.13"]
[Round "10"]
[White "Trauner, Rudolf"]
[Black "Vlasak, Reinhard"]
[Result "1-0"]
[WhiteElo "2255"]
[BlackElo "2210"]

1.e4 c5 2.Nf3 d6 3.Bb5+ Nc6 4.O-O Bd7 5.Re1 e6 6.d4 cxd4 7.Nxd4 Qc7 8.Nc3 Nge7
9.Nf3 a6 10.Ba4 Ng6 11.Be3 b5 12.Bb3 Be7 13.Ne2 O-O 14.c3 Na5 15.Bc2 Nc4
16.Bc1 Bc6 17.Ned4 Bb7 18.a4 bxa4 19.Rxa4 d5 20.e5 Rfc8 21.Qe2 a5 22.Bd3 Qd7
23.Ra2 a4 24.h4 a3 25.b3 Nb2 26.Bxg6 hxg6 27.Bxb2 axb2 28.Rxa8 Bxa8 29.Qxb2 Qc7
30.Re3 Qa5 31.b4 Qa4 32.Kh2 Bb7 33.Ng5 Ba6 34.Rg3 Bxg5 35.hxg5 Bc4 36.Qd2 Ra8
37.Qf4 Qd7 38.Rh3 Kf8 39.Rh8+  1-0

[Event "Bucharest TIT (Women)"]
[Site "Bucharest"]
[Date "1999.03.13"]
[Round "10"]
[White "Duminica, Mariana"]
[Black "Vasiesiu, Cristina"]
[Result "0-1"]
[WhiteElo "2162"]
[BlackElo "2180"]

1.e4 c5 2.Nf3 d6 3.Bb5+ Nd7 4.c4 Nf6 5.Nc3 e6 6.d3 Be7 7.O-O O-O 8.Bxd7 Bxd7
9.Ne1 a6 10.a4 b6 11.Nc2 Qc7 12.f4 Bc6 13.Ne3 Rad8 14.Ng4 Nxg4 15.Qxg4 f5
16.Qe2 Qd7 17.b3 d5 18.cxd5 exd5 19.e5 d4 20.Nb1 b5 21.Nd2 bxa4 22.bxa4 Bxa4
23.Ba3 Bc6 24.Rfc1 Qd5 25.Nc4 Rb8 26.Rc2 Rfe8 27.Qd2 Ba4 28.Rcc1 Bb5 29.Rc2 Rec8
30.Rac1 Ba4 31.Rb2 Bb5 32.Rbc2 h6 33.Nd6 Bxd6 34.exd6 Qxd6 35.Rxc5 Rxc5 36.Rxc5 Qe6
37.Re5 Qb3 38.Bd6 Rd8 39.Be7 Re8 40.Bc5 Rxe5 41.fxe5 Qd5 42.Bd6 Bc6 43.Kf1 a5
44.Qf2 g6 45.g4 Bb5 46.Kg1 Bxd3 47.Qh4 Bc4 48.Qd8+ Kh7 49.g5 hxg5 50.Qxg5 Qe4
51.Qd8 Qe1+ 52.Kg2 Bd5+ 53.Kh3 Qe3+ 54.Kh4 Qf4+  0-1

[Event "Victor Ciocaltea Memorial"]
[Site "Bucharest"]
[Date "1999.03.13"]
[Round "10"]
[White "Itkis, Boris"]
[Black "Florean, Andrei"]
[Result "1/2-1/2"]
[WhiteElo "2462"]
[BlackElo "2459"]

1.e4 c5 2.Nf3 d6 3.Bb5+ Bd7 4.Bxd7+ Nxd7 5.O-O Ngf6 6.d3 g6 7.Nc3 Bg7 8.Ng5 h6
9.Nh3 O-O 10.f4 e6 11.Kh1 a6 12.a4 d5 13.e5 Nh7 14.a5 f6 15.exf6 Qxf6 16.Bd2 Rae8
17.Ng1 g5 18.fxg5 Qxf1 19.Qxf1 Rxf1 20.Rxf1 Nxg5 21.Nge2 Ne5 22.Na4 c4 23.Nf4 cxd3
24.cxd3 Nd7 25.h4 Nf7 26.Re1 Nfe5 27.Bc3 d4 28.Bxd4 Nxd3 29.Rxe6 Rxe6 30.Nxe6 Bxd4
31.Nxd4 N7e5 32.b3 Kf7 33.g3 h5 34.Kg1 Ke7 35.Kf1 Kd6 36.Ke2 Nb4 37.Nf5+ Ke6
38.Ng7+ Kf7 39.Nxh5 Nec6 40.Nc5 Nxa5 41.Nf4 b6 42.Nd7 Nxb3 43.Nxb6 Nd4+ 44.Ke3 Nf5+
45.Kf3 Nc6 46.Nfd5 Ncd4+ 47.Kf4 a5 48.Ne3 Ne7 49.Nbc4 a4 50.g4 a3 51.Nxa3 Ng6+
52.Kg3 Nxh4 53.Kxh4 Nf3+ 54.Kh5 Ne5 55.g5 Nf3 56.g6+ Kg7 57.Nac4 Nh4 58.Kxh4 Kxg6  1/2-1/2

[Event "NRW-Liga II 9899"]
[Site "GER"]
[Date "1999.03.16"]
[Round "7"]
[White "Schaefer, Juergen"]
[Black "Koscielski, Janusch"]
[Result "0-1"]
[WhiteElo "2145"]
[BlackElo "2320"]

1.e4 c5 2.Nf3 d6 3.Bb5+ Nd7 4.O-O Nf6 5.Re1 a6 6.Bf1 g6 7.c3 Bg7 8.d4 O-O
9.e5 Ne8 10.e6 fxe6 11.Ng5 Nc7 12.Bc4 Nb6 13.Bd3 c4 14.Bc2 Nbd5 15.Nd2 b5
16.Nxh7 Kxh7 17.Qh5+ Kg8 18.Qxg6 Rf5 19.Bxf5 exf5 20.a4 Bd7 21.axb5 axb5
22.Rxa8 Qxa8 23.Nf3 Qe8 24.Qg3 Qh5 25.Bg5 Qf7 26.Qh4 Nf6 27.Ra1 Bc6 28.Ra7 Ne6
29.Ra6 Bxf3 30.gxf3 Qg6 31.f4 Ne4 32.Kf1 N4xg5 33.fxg5 Nxg5 34.Rb6 f4 35.Rb8+ Bf8
36.Qxf4 Qd3+ 37.Kg2 Qh3+ 38.Kh1 Qf1+  0-1

[Event "NRW-Liga II 9899"]
[Site "GER"]
[Date "1999.03.16"]
[Round "7"]
[White "Nowik, Volker"]
[Black "Odendahl, Reiner"]
[Result "1/2-1/2"]
[WhiteElo "2135"]
[BlackElo "2320"]

1.e4 c5 2.Nf3 d6 3.Bb5+ Bd7 4.Bxd7+ Nxd7 5.O-O Ngf6 6.Re1 e6 7.d3 Be7 8.Nbd2 O-O
9.a4 Qc7 10.Nf1 Rfd8 11.Ng3 b6 12.Qe2 a6 13.Ng5 h6 14.Nh3 Ne5 15.f4 Nc6 16.c3 Bf8
17.Nf2 Kh8 18.Be3 Qd7 19.Nh5 Nxh5 20.Qxh5 g6 21.Qh3 f5 22.d4 cxd4 23.Bxd4+ Nxd4
24.cxd4 Bg7 25.e5 dxe5 26.dxe5 b5  1/2-1/2

[Event "Bundesliga 9899"]
[Site "Germany"]
[Date "1999.03.20"]
[Round "12.6"]
[White "Kraut, Rainer"]
[Black "Naumann, Alexander"]
[Result "1/2-1/2"]
[WhiteElo "2460"]
[BlackElo "2480"]

1.e4 c5 2.Nf3 d6 3.Bb5+ Bd7 4.Bxd7+ Qxd7 5.c4 Nc6 6.Nc3 g6 7.d4 cxd4 8.Nxd4 Bg7
9.Be3 Nf6 10.f3 O-O 11.O-O Rfd8 12.Qd2 e6 13.Rfd1 d5 14.exd5 exd5 15.c5 Ne5
16.b3 b6 17.cxb6 axb6 18.Rac1 Rac8 19.Ndb5 Rc6 20.a4 Qb7 21.Nd4 Rcc8 22.Ncb5 Rc5
23.Ne2 Rc6 24.Rxc6 Nxc6 25.Ned4 Na5 26.Rc1 Ne8 27.Bg5 Rc8 28.Re1 Bf8 29.Bh6 Bxh6
30.Qxh6 Qd7 31.Qe3 Nd6 32.Qe7 Qxe7 33.Rxe7 Nxb5 34.axb5 Rc1+ 35.Kf2 Rd1 36.Nc6 Nxb3
37.Rb7 d4 38.Rxb6 Rd2+ 39.Kf1 Rd1+ 40.Kf2 Rd2+ 41.Kf1 Rd1+  1/2-1/2

[Event "Novgorod op"]
[Site "Novgorod"]
[Date "1999.03.20"]
[Round "2"]
[White "Kotsur, Pavel"]
[Black "Voitsekhovsky, Stanislav"]
[Result "1-0"]
[WhiteElo "2511"]
[BlackElo "2558"]

1.e4 c5 2.Nf3 d6 3.Bb5+ Bd7 4.Bxd7+ Qxd7 5.c4 Nc6 6.Nc3 Nf6 7.d4 cxd4 8.Nxd4 e6
9.O-O Be7 10.Be3 O-O 11.Qe2 a6 12.Rfd1 Qc7 13.Rac1 Rfc8 14.b3 Qa5 15.a4 Nd7
16.Qd2 Bf6 17.Nde2 Nc5 18.Rb1 Rd8 19.f3 Rac8 20.Kh1 h6 21.Bf2 Bg5 22.f4 Bf6
23.Be1 Qb4 24.Qa2 Qb6 25.a5 Qc7 26.b4 Nd7 27.Na4 g5 28.Bf2 gxf4 29.Nxf4 Nce5
30.Nb6 Rb8 31.Nh5 Be7 32.Rb3 Kh7 33.Rh3 Rg8 34.c5 Nxb6 35.cxd6 Qc6 36.dxe7 Ned7
37.Qd2 Rg6 38.Nf4 Rg5 39.Nxe6 Qxe6  1-0

[Event "Bled op"]
[Site "Bled"]
[Date "1999.03.21"]
[Round "2"]
[White "Miroshnichenko, Evgeny"]
[Black "Lekic, Dusan"]
[Result "1-0"]
[WhiteElo "2500"]
[BlackElo "2381"]

1.e4 c5 2.Nf3 d6 3.Bb5+ Bd7 4.Bxd7+ Qxd7 5.c4 Nc6 6.Nc3 Nf6 7.d4 cxd4 8.Nxd4 g6
9.f3 Bg7 10.Be3 O-O 11.O-O e6 12.Qd2 a6 13.Rfd1 Nxd4 14.Bxd4 b5 15.Qd3 bxc4
16.Qxc4 Rfc8 17.Qe2 Qb7 18.Rac1 Rc6 19.Qd2 Rac8 20.Ne2 Rxc1 21.Rxc1 Rxc1+
22.Qxc1 e5 23.Bf2 d5 24.exd5 Nxd5 25.b3 h5 26.Qc4 Kh7 27.h3 f5 28.Qc5 Qd7
29.Kh1 g5 30.Qc4 Qd6 31.Qd3 Qe6 32.Ng3 Kg6 33.Nxf5 Qxf5 34.Qxd5 Qb1+ 35.Bg1 Qxa2
36.Qe6+ Bf6 37.Qg8+ Bg7 38.Qe8+ Kh6 39.g4 hxg4 40.hxg4 Kh7 41.Qe6 Qe2 42.Qd5 Qf1
43.Kh2 Kg6 44.Qe4+ Kf7 45.Bc5 Bf6 46.Kg3 Kg7 47.Qb7+ Kg6 48.Qc8 Qe1+ 49.Bf2 Qe2
50.Qg8+ Bg7 51.Qe8+ Kf6 52.Qc8 Kf7 53.Qd7+ Kg6 54.Qf5+ Kh6 55.Kg2 Qb5 56.Qc2 Bf8
57.Be3 Be7 58.Kf2 Qd5 59.Qf5 Qxb3 60.Qxe5 Qa2+ 61.Kg1 Qf7 62.Bd4 Qf8 63.Qh2+  1-0

[Event "Bundesliga 9899"]
[Site "Germany"]
[Date "1999.03.21"]
[Round "13.8"]
[White "Maier, Christian"]
[Black "Scholz, Christian"]
[Result "1-0"]
[WhiteElo "2353"]
[BlackElo "2275"]

1.e4 c5 2.Nf3 d6 3.Bb5+ Bd7 4.c4 Bxb5 5.cxb5 Nf6 6.Nc3 Nbd7 7.O-O g6 8.d4 cxd4
9.Nxd4 Bg7 10.Be3 O-O 11.Qe2 d5 12.exd5 Nb6 13.Rfd1 Nbxd5 14.Nxd5 Nxd5 15.Bg5 Qd6
16.Nb3 e6 17.Qd2 Rfc8 18.Be3 Rc4 19.Rac1 Rac8 20.Rxc4 Rxc4 21.Qa5 Qc7 22.Qxa7 Bxb2
23.Bc5 Qc8 24.g3 Nc3 25.Rd2 Ra4 26.Qb6 Nd5 27.Qd6 Bg7 28.Kg2 Ra8 29.Bd4 Qc4
30.Bxg7 Kxg7 31.Qc5 Qxc5 32.Nxc5 Ra5 33.Nxb7 Rxb5 34.Nd6 Rb4 35.Rc2 Kf6 36.Kf3 Ke7
37.Nc4 Ra4 38.a3 h5 39.Ke2 Nc7 40.Nb6 Ra6 41.Rxc7+ Kd6 42.Rb7 Kc6 43.Rxf7 Rxb6
44.Rf6 Kd5 45.Rxg6 Rb2+ 46.Kf1 h4 47.gxh4 Rb8 48.Kg2 Rh8 49.Rg4 Ke5 50.Ra4 Kf5
51.h3 e5 52.Kg3 Rc8 53.h5 Rc3+ 54.f3 e4 55.Rxe4 Rxa3 56.h6 Kg6 57.Re6+ Kh7
58.Kg4 Ra1 59.f4 Rg1+ 60.Kh5 Rf1 61.Re7+ Kh8 62.Rf7 Kg8 63.Rg7+ Kh8 64.Rg4 Kh7
65.Kg5 Ra1 66.f5 Ra3 67.h4 Ra1 68.Re4 Ra2 69.Re7+ Kg8 70.Kg6 Rg2+ 71.Kf6 Ra2
72.Re8+ Kh7 73.Kf7 Ra7+ 74.Kf8 Ra4 75.f6 Rxh4 76.f7 Ra4 77.Ke7 Ra7+ 78.Ke6 Ra6+
79.Kd5  1-0

[Event "MI Festival GM"]
[Site "Bucharest"]
[Date "1999.03.22"]
[Round "3"]
[White "Nanu, Ciprian"]
[Black "Vajda, Levente"]
[Result "0-1"]
[WhiteElo "2420"]
[BlackElo "2484"]

1.e4 c5 2.Nf3 d6 3.Bb5+ Nc6 4.c3 Qb6 5.Ba4 Bg4 6.h3 Bh5 7.d4 O-O-O 8.d5 Ne5
9.g4 Bg6 10.Nxe5 dxe5 11.Qe2 e6 12.dxe6 fxe6 13.Na3 Nf6 14.f3 Be7 15.h4 h6
16.Bb3 a6 17.Be3 Qc6 18.Nc4 Qc7 19.a4 Rhf8 20.a5 Kb8 21.Bf2 Be8 22.Bg3 Bb5
23.Qh2 Nd7 24.O-O Ka7 25.Rf2 Rf6 26.Nxe5 c4 27.Nxc4 Qc5 28.Nd2 Ne5 29.Bxe5 Rxd2
30.Bc7 Rxf3 31.Bb6+ Ka8 32.Rd1 Rfxf2  0-1

[Event "MI Festival"]
[Site "Bucharest"]
[Date "1999.03.22"]
[Round "3"]
[White "Glodeanu, Ion"]
[Black "Istrate, Bogdan"]
[Result "1/2-1/2"]
[WhiteElo "2336"]
[BlackElo "2333"]

1.e4 c5 2.Nf3 d6 3.Bb5+ Bd7 4.Bxd7+ Nxd7 5.c4 Ngf6 6.Nc3 e6 7.d4 cxd4 8.Nxd4 a6
9.b3 Rc8 10.Bb2 Qa5 11.O-O Be7 12.Qd2 O-O 13.Rad1 Bd8 14.Nf3 Bc7 15.Qe2 Rfd8
16.h3 Qh5 17.Nd4 Qxe2 18.Ndxe2 Ne5 19.f4 Ned7 20.Ba3 Bb6+ 21.Kh2 Nc5 22.Ng3 h5
23.e5 dxe5 24.fxe5 h4 25.exf6 Rxd1 26.Rxd1 Bc7 27.Bxc5 Bxg3+ 28.Kg1 Rxc5
29.Ne4 Re5 30.Nxg3 hxg3 31.Kf1 Rf5+ 32.Kg1 gxf6 33.Rd3 Rg5 34.Kf1 Kf8 35.Ke2 Ke7
36.Kf3 Rg8 37.c5 f5 38.Rd6 e5 39.Rb6 f4 40.Rxb7+ Ke6 41.c6 Rc8 42.c7 Kf5
43.b4 e4+ 44.Ke2 Ke5 45.b5 axb5 46.Rxb5+ Kd6 47.Rb7 f3+ 48.gxf3 g2 49.Rb1 Rxc7  1/2-1/2

[Event "Bled op"]
[Site "Bled"]
[Date "1999.03.23"]
[Round "4"]
[White "Miroshnichenko, Evgeny"]
[Black "Drei, Andrea"]
[Result "1-0"]
[WhiteElo "2500"]
[BlackElo "2349"]

1.e4 c5 2.Nf3 d6 3.Bb5+ Nd7 4.c3 Nf6 5.Qe2 a6 6.Ba4 Qc7 7.O-O c4 8.Bc2 b6
9.b3 cxb3 10.axb3 Bb7 11.c4 g6 12.Nc3 Bg7 13.d4 O-O 14.Bd2 Rac8 15.Rfc1 e6
16.Bd3 Nb8 17.b4 Nfd7 18.Rab1 Rfe8 19.Be3 h6 20.b5 a5 21.Na4 f5 22.d5 e5
23.g3 Nc5 24.Bxc5 dxc5 25.Qc2 f4 26.gxf4 exf4 27.e5 Bxe5 28.Bxg6 Re7 29.Kh1 Kh8
30.Rg1 Rg8 31.Qf5 Nd7 32.Bf7 Rf8 33.Nh4 Rfxf7 34.Ng6+ Kh7 35.Qc2 Kg7 36.Nxe7+ Kf8
37.Ng6+ Ke8 38.Rbe1 Kd8 39.Nxe5 Nxe5 40.Rg8+ Kd7 41.Qe4 Re7 42.Qf5+ Kd6 43.Qf6+  1-0

[Event "Bled op"]
[Site "Bled"]
[Date "1999.03.25"]
[Round "6"]
[White "Pavasovic, Dusko"]
[Black "Wilhelmi, Christian"]
[Result "0-1"]
[WhiteElo "2502"]
[BlackElo "2446"]

1.e4 c5 2.Nf3 d6 3.Bb5+ Bd7 4.Bxd7+ Qxd7 5.c4 Nc6 6.Nc3 g6 7.d4 cxd4 8.Nxd4 Bg7
9.Nde2 Nf6 10.O-O O-O 11.Bg5 Qe6 12.Bxf6 Qxf6 13.Qd2 Rfd8 14.Rad1 e6 15.Qe3 Rd7
16.Rd2 Rad8 17.Rfd1 Qe7 18.b3 Kh8 19.Nb5 a6 20.Nbc3 Rf8 21.Qg3 Rdd8 22.Kh1 Be5
23.Qe3 g5 24.g3 g4 25.h3 Rg8 26.hxg4 Rxg4 27.Kg2 Rdg8 28.Rh1 Qf6 29.Rdd1 R8g6
30.Rh3 Kg8 31.f3 Rh4 32.Rxh4 Qxh4 33.f4 Bxc3 34.Qxc3 Qh5 35.Qf3 Qxf3+ 36.Kxf3 e5
37.f5 Rh6 38.g4 Rh3+ 39.Kg2 Rh6 40.Kg3 Kf8 41.a3 Na5 42.Rb1 Kg7 43.Nc3 Kf6
44.Nd5+ Kg5 45.Ne3 Nc6 46.b4 Nd4 47.c5 Ne2+ 48.Kf3 Nc3 49.Re1 dxc5 50.Nc4 f6
51.bxc5 Rh3+ 52.Kg2 Kxg4 53.Nd6 Rd3 54.Nxb7 Rd2+ 55.Kf1 Kf3 56.Kg1 Rg2+ 57.Kh1 Ne2  0-1

[Event "Novgorod op"]
[Site "Novgorod"]
[Date "1999.03.25"]
[Round "7"]
[White "Gavrilov, Andrei"]
[Black "Krasilnikov, Evgeny"]
[Result "0-1"]
[WhiteElo "2251"]
[BlackElo "2130"]

1.e4 c5 2.Nf3 d6 3.Bb5+ Bd7 4.Bxd7+ Qxd7 5.O-O Nc6 6.d4 cxd4 7.Nxd4 Nf6 8.Nc3 g6
9.h3 Bg7 10.Be3 O-O 11.Qf3 Ne5 12.Qe2 Rfc8 13.Rad1 Rxc3 14.bxc3 Nxe4 15.Nb5 a6
16.Bd4 Qc6 17.Rfe1 Nxf2 18.Bxf2 axb5 19.Rb1 Rxa2 20.Rb3 b4 21.c4 Qa4 22.c5 d5
23.Reb1 Nc6 24.Qd3 e6 25.Be1 Bd4+ 26.Kh1 Bxc5 27.c3 Na5 28.cxb4 Nxb3 29.bxc5 Nxc5
30.Qg3 Qe4 31.Rc1 Nd3 32.Rc8+ Kg7 33.Bc3+ d4 34.Rc4 e5 35.Bb4 Qd5 36.Rc7 Nxb4
37.Qg5 Nd3 38.Re7 h6 39.Qg3 Nf4 40.Rc7 Rxg2  0-1

[Event "ISR-chT"]
[Site "Israel"]
[Date "1999.03.26"]
[Round "5"]
[White "Veinger, Itzchak"]
[Black "Deutsch, Eyal"]
[Result "1-0"]
[WhiteElo "2362"]
[BlackElo "2195"]

1.e4 c5 2.Nf3 d6 3.Bb5+ Bd7 4.Bxd7+ Qxd7 5.O-O Nc6 6.c3 Nf6 7.Re1 e6 8.d3 Be7
9.Nbd2 O-O 10.Nf1 Rad8 11.h3 Ne5 12.Qe2 Qb5 13.Rd1 Nxf3+ 14.Qxf3 d5 15.exd5 exd5
16.Ng3 g6 17.Bg5 Rd6 18.Re1 Bd8 19.Re2 Qd7 20.Rae1 b6 21.Bh6 a5 22.Bxf8 Kxf8
23.Qf4 Kg7 24.c4 h6 25.b3 Kh7 26.Qf3 a4 27.Qf4 Kg7 28.Nf1 dxc4 29.dxc4 Rd4
30.Qe5 Qc6 31.Rd2 Bc7 32.Qe2 Rh4 33.Rd3 g5 34.Qf3  1-0

[Event "MI Festival"]
[Site "Bucharest"]
[Date "1999.03.27"]
[Round "8"]
[White "Glodeanu, Ion"]
[Black "Grigore, Nicolae Petre"]
[Result "1-0"]
[WhiteElo "2336"]
[BlackElo "2285"]

1.e4 c5 2.Nf3 d6 3.Bb5+ Nd7 4.d4 cxd4 5.Qxd4 Nf6 6.Nc3 a6 7.Bxd7+ Nxd7 8.Bg5 f6
9.Be3 e6 10.Nd2 Nc5 11.Nb3 Bd7 12.O-O b5 13.f4 Bc6 14.f5 e5 15.Qd1 Qc7 16.Qh5+ Qf7
17.Qxf7+ Kxf7 18.Bxc5 dxc5 19.Na5 Be8 20.Nd5 Rd8 21.Rad1 c4 22.c3 Rb8 23.Rd2 Rg8
24.b4 cxb3 25.axb3 b4 26.Rc1 Rc8 27.Nc4 Bb5 28.cxb4 g6 29.Nxe5+ fxe5 30.Rxc8 gxf5
31.Rc7+ Kg6 32.exf5+ Kxf5 33.Rf2+ Ke6 34.Nc3 Bxb4 35.Nxb5 axb5 36.Kf1 Rd8
37.g3 Rd3 38.Rb7 Rd5 39.Rxh7 Rd1+ 40.Kg2 Bc3 41.h4 Bd4 42.Re2 Rd3 43.b4 Kf6
44.Rd7 Rb3 45.h5 Ra3 46.h6  1-0